قواعد السطوة / (رقم التسجيلة. 141886)

تفاصيل مارك
000 -LEADER
fixed length control field 00548nam a22001817a 4500
005 - DATE AND TIME OF LATEST TRANSACTION
control field 20251108175750.0
008 - FIXED-LENGTH DATA ELEMENTS--GENERAL INFORMATION
fixed length control field 250721s2018 xx 000 0 ara d
082 14 - DEWEY DECIMAL CLASSIFICATION NUMBER
Classification number 158.4/جري
100 1# - MAIN ENTRY--PERSONAL NAME
Personal name جرين، روبرت
Relator term مؤلف
245 10 - TITLE STATEMENT
Title قواعد السطوة /
264 1# - PRODUCTION, PUBLICATION, DISTRIBUTION, MANUFACTURE, AND COPYRIGHT NOTICE
Place of production, publication, distribution, manufacture القاهرة/مصر :
Name of producer, publisher, distributor, manufacturer أقلام عربية للنشر والتوزيع،
Date of production, publication, distribution, manufacture, or copyright notice 2018.
300 ## - PHYSICAL DESCRIPTION
Extent 700ص.
650 17 - SUBJECT ADDED ENTRY--TOPICAL TERM
Topical term or geographic name as entry element علم النفس
650 17 - SUBJECT ADDED ENTRY--TOPICAL TERM
Topical term or geographic name as entry element القيادة
700 1# - ADDED ENTRY--PERSONAL NAME
Personal name الحناوي، هشام
Relator term مترجم
942 ## - ADDED ENTRY ELEMENTS (KOHA)
Source of classification or shelving scheme Dewey Decimal Classification
Koha item type كتب
المقتنيات
حالة السحب حالة الفقدان مصدر التصنيف حالة التلف غير قابل للإعارة المكتبة الرئيسية المكتبة الحالية موقع الرف تاريخ التزويد الرقم المتسلسل Total Checkouts رقم الإستدعاء الباركود تاريخ آخر ظهور تاريخ الفاتورة نوع المادة (كوها)
    Dewey Decimal Classification     المكتبة المركزية المكتبة المركزية الإعارة 28/07/2025 1751560   158.4/جري PLD00488798 28/07/2025 28/07/2025 كتب
    Dewey Decimal Classification     المكتبة المركزية المكتبة المركزية مقتنيات قسم التزويد 28/07/2025 1751561   158.4/جري   28/07/2025 28/07/2025 كتب
    Dewey Decimal Classification     مكتبة أبو علندا العامة مكتبة أبو علندا العامة الإعارة 02/12/2020 1751569   158.4/جري PLD00489117 28/07/2025 02/12/2020 كتب
    Dewey Decimal Classification     مكتبة أم قصير والمقابلين العامة مكتبة أم قصير والمقابلين العامة الإعارة 02/12/2020 1751568   158.4/جري PLD00489116 28/07/2025 02/12/2020 كتب
    Dewey Decimal Classification     مكتبة الاميرة بديعة مكتبة الاميرة بديعة الإعارة 02/12/2020 1751565   158.4/جري PLD00489113 28/07/2025 02/12/2020 كتب
    Dewey Decimal Classification     مكتبة الجويدة مكتبة الجويدة الإعارة 02/12/2020 1751563   158.4/جري PLD00489111 28/07/2025 02/12/2020 كتب
    Dewey Decimal Classification     مكتبة الحسن العامة مكتبة الحسن العامة الإعارة 02/12/2020 1751564   158.4/جري PLD00489112 28/07/2025 02/12/2020 كتب
    Dewey Decimal Classification     مكتبة صويلح العامة مكتبة صويلح العامة الإعارة 02/12/2020 1751566   158.4/جري PLD00489114 28/07/2025 02/12/2020 كتب
Implemented & Customized by: BBB with SCIT (Smart Chains for Information Technology)

Powered by Koha